Music Quiz

Random Music or Song Quiz

The 2000 Greatest Hits of All Time Quiz Stats

 Plays Quiz Updated Feb 22, 2019

Score 0/200 Timer 20:00
0 Plays Today
Rank Answer % Correct
1191 to 12001191- 1200 cоmplete
76.2%
1 to
10
1-10 cоmplete
70.1%
1651 to 16601651- 1660 cоmplete
65.6%
161 to 170161-170 cоmplete
65.2%
11 to
20
11-20 cоmplete
62.2%
81 to
90
81-90 cоmplete
57.5%
51 to
60
51-60 cоmplete
56.8%
21 to
30
21-30 cоmplete
56.3%
651 to 660651-660 cоmplete
56.2%
1441 to 14501441- 1450 cоmplete
56%
1561 to 15701561- 1570 cоmplete
55.2%
221 to 230221-230 cоmplete
51%
251 to 260251-260 cоmplete
50.7%
291 to 300291-300 cоmplete
49.4%
271 to 280271-280 cоmplete
49.4%
1511 to 15201511- 1520 cоmplete
48.9%
331 to 340331-340 cоmplete
48%
191 to 200191-200 cоmplete
46.2%
171 to 180171-180 cоmplete
45.5%
751 to 760751-760 cоmplete
44.7%
111 to 120111-120 cоmplete
44%
91 to
100
91-100 cоmplete
43.5%
311 to 320311-320 cоmplete
43.4%
781 to 790781-790 cоmplete
42.7%
241 to 250241-250 cоmplete
42.5%
101 to 110101-110 cоmplete
42.5%
1401 to 14101401- 1410 cоmplete
42.3%
491 to 500491-500 cоmplete
41.4%
151 to 160151-160 cоmplete
41%
1151 to 11601151- 1160 cоmplete
40.9%
881 to 890881-890 cоmplete
40.8%
181 to 190181-190 cоmplete
39.9%
1601 to 16101601- 1610 cоmplete
39.6%
261 to 270261-270 cоmplete
39.6%
721 to 730721-730 cоmplete
38.5%
1321 to 13301321- 1330 cоmplete
38.4%
131 to 140131-140 cоmplete
38.3%
41 to
50
41-50 cоmplete
38.1%
851 to 860851-860 cоmplete
36.9%
531 to 540531-540 cоmplete
36.7%
1311 to 13201311- 1320 cоmplete
36.4%
1461 to 14701461- 1470 cоmplete
36%
371 to 380371-380 cоmplete
35.7%
451 to 460451-460 cоmplete
35.1%
141 to 150141-150 cоmplete
35%
121 to 130121-130 cоmplete
35%
1821 to 18301821- 1830 cоmplete
34.6%
991 to 1000991-1000 cоmplete
34.5%
211 to 220211-220 cоmplete
34.3%
1781 to 17901781- 1790 cоmplete
33.8%
551 to 560551-560 cоmplete
33%
411 to 420411-420 cоmplete
33%
31 to
40
31-40 cоmplete
32.7%
801 to 810801-810 cоmplete
32.5%
1391 to 14001391- 1400 cоmplete
31.7%
1071 to 10801071- 1080 cоmplete
31.6%
1431 to 14401431- 1440 complete
31.1%
71 to
80
71-80 cоmplete
30.8%
281 to 290281-290 cоmplete
30.7%
951 to 960951-960 cоmplete
30.7%
481 to 490481-490 cоmplete
30.6%
731 to 740731-740 cоmplete
30.6%
701 to 710701-710 cоmplete
30.5%
421 to 430421-430 cоmplete
30.4%
1941 to 19501941- 1950 cоmplete
30%
591 to 600591-600 cоmplete
30%
1641 to 16501641- 1650 cоmplete
29.2%
Rank Answer % Correct
1661 to 16701661- 1670 cоmplete
29.1%
201 to 210201-210 cоmplete
28.9%
1931 to 19401931- 1940 cоmplete
28.7%
401 to 410401-410 cоmplete
28.7%
1421 to 14301421- 1430 complete
28.7%
911 to 920911-920 cоmplete
28.6%
521 to 530521-530 cоmplete
28.1%
611 to 620611-620 cоmplete
27.8%
601 to 610601-610 cоmplete
27.6%
501 to 510501-510 cоmplete
27.6%
811 to 820811-820 cоmplete
27.3%
511 to 520511-520 cоmplete
27%
361 to 370361-370 cоmplete
27%
441 to 450441-450 cоmplete
27%
391 to 400391-400 cоmplete
26.7%
981 to 990981-990 cоmplete
26.7%
1951 to 19601951- 1960 cоmplete
26.6%
1891 to 19001891- 1900 cоmplete
26.4%
231 to 240231-240 cоmplete
26.3%
621 to 630621-630 cоmplete
26.2%
561 to 570561-570 cоmplete
26.2%
961 to 970961-970 cоmplete
25.9%
61 to
70
61-70 cоmplete
25.7%
641 to 650641-650 cоmplete
25.7%
1881 to 18901881- 1890 cоmplete
25.7%
431 to 440431-440 cоmplete
25.7%
1011 to 10201011- 1020 cоmplete
25.5%
681 to 690681-690 cоmplete
25.3%
761 to 770761-770 cоmplete
25.3%
1281 to 12901281- 1290 cоmplete
25.3%
471 to 480471-480 cоmplete
25.3%
861 to 870861-870 cоmplete
25.2%
341 to 350341-350 cоmplete
25.1%
791 to 800791-800 cоmplete
25.1%
1291 to 13001291- 1300 cоmplete
24.9%
1341 to 13501341- 1350 cоmplete
24.9%
1101 to 11101101- 1110 cоmplete
24.7%
1201 to 12101201- 1210 cоmplete
24.2%
891 to 900891-900 cоmplete
24.2%
1271 to 12801271- 1280 cоmplete
24.1%
351 to 360351-360 cоmplete
23.9%
321 to 330321-330 cоmplete
23.8%
1991 to 20001991- 2000 cоmplete
23.1%
931 to 940931-940 cоmplete
23.1%
1061 to 10701061- 1070 cоmplete
22.9%
1871 to 18801871- 1880 cоmplete
22.6%
1581 to 15901581- 1590 cоmplete
22.5%
1531 to 15401531- 1540 cоmplete
22.5%
691 to 700691-700 cоmplete
21.9%
831 to 840831-840 cоmplete
21.7%
841 to 850841-850 cоmplete
21.7%
381 to 390381-390 cоmplete
21.6%
1671 to 16801671- 1680 cоmplete
21.4%
581 to 590581-590 cоmplete
21.2%
1701 to 17101701- 1710 cоmplete
21.1%
1181 to 11901181- 1190 cоmplete
21.1%
1501 to 15101501- 1510 cоmplete
21.1%
1051 to 10601051- 1060 cоmplete
21%
301 to 310301-310 cоmplete
20.9%
1021 to 10301021- 1030 cоmplete
20.9%
1851 to 18601851- 1860 cоmplete
20.9%
1121 to 11301121- 1130 cоmplete
20.7%
921 to 930921-930 cоmplete
20.4%
1161 to 11701161- 1170 cоmplete
20.4%
1451 to 14601451- 1460 cоmplete
20.4%
1971 to 19801971- 1980 cоmplete
20.3%
1171 to 11801171- 1180 cоmplete
20.2%
Rank Answer % Correct
1381 to 13901381- 1390 cоmplete
19.8%
1491 to 15001491- 1500 cоmplete
19.8%
901 to 910901-910 cоmplete
19.8%
1091 to 11001091- 1100 cоmplete
19.8%
571 to 580571-580 cоmplete
19.7%
1541 to 15501541- 1550 cоmplete
19.1%
541 to 550541-550 cоmplete
19.1%
1631 to 16401631- 1640 cоmplete
19.1%
1041 to 10501041- 1050 cоmplete
19%
741 to 750741-750 cоmplete
18.8%
1261 to 12701261- 1270 cоmplete
18.8%
711 to 720711-720 cоmplete
18.6%
1471 to 14801471- 1480 cоmplete
18.3%
461 to 470461-470 cоmplete
18%
1231 to 12401231- 1240 cоmplete
17.8%
1211 to 12201211- 1220 cоmplete
17.2%
631 to 640631-640 cоmplete
17.1%
1371 to 13801371- 1380 cоmplete
17%
971 to 980971-980 cоmplete
16.8%
1521 to 15301521- 1530 cоmplete
16.7%
771 to 780771-780 cоmplete
16.4%
1001 to 10101001- 1010 cоmplete
15.9%
1611 to 16201611- 1620 cоmplete
15.9%
1411 to 14201411- 1420 cоmplete
15.8%
871 to 880871-880 cоmplete
15.5%
1141 to 11501141- 1150 cоmplete
15.3%
941 to 950941-950 cоmplete
15.2%
1111 to 11201111- 1120 cоmplete
15.1%
1751 to 17601751- 1760 cоmplete
15.1%
1571 to 15801571- 1580 cоmplete
15.1%
661 to 670661-670 cоmplete
14.9%
1731 to 17401731- 1740 cоmplete
14.9%
821 to 830821-830 cоmplete
14.8%
1831 to 18401831- 1840 cоmplete
14.5%
1791 to 18001791- 1800 cоmplete
14.2%
1861 to 18701861- 1870 cоmplete
14.2%
671 to 680671-680 cоmplete
13.6%
1351 to 13601351- 1360 cоmplete
13.6%
1551 to 15601551- 1560 cоmplete
13.6%
1131 to 11401131- 1140 cоmplete
13.5%
1361 to 13701361- 1370 cоmplete
13.4%
1081 to 10901081- 1090 cоmplete
13.3%
1771 to 17801771- 1780 cоmplete
13.2%
1241 to 12501241- 1250 cоmplete
13.2%
1331 to 13401331- 1340 cоmplete
13.1%
1251 to 12601251- 1260 cоmplete
13.1%
1031 to 10401031- 1040 cоmplete
12.9%
1711 to 17201711- 1720 cоmplete
12.4%
1961 to 19701961- 1970 cоmplete
12.2%
1761 to 17701761- 1770 cоmplete
12.2%
1691 to 17001691- 1700 cоmplete
11.8%
1301 to 13101301- 1310 cоmplete
11.4%
1481 to 14901481- 1490 cоmplete
11.3%
1811 to 18201811- 1820 cоmplete
11.3%
1591 to 16001591- 1600 cоmplete
11.1%
1681 to 16901681- 1690 cоmplete
10.9%
1901 to 19101901- 1910 cоmplete
10.9%
1221 to 12301221- 1230 cоmplete
10.8%
1981 to 19901981- 1990 cоmplete
10%
1621 to 16301621- 1630 cоmplete
9.3%
1741 to 17501741- 1750 cоmplete
9.3%
1801 to 18101801- 1810 cоmplete
7.7%
1911 to 19201911- 1920 cоmplete
7.3%
1921 to 19301921- 1930 cоmplete
7.2%
1721 to 17301721- 1730 cоmplete
7%
1841 to 18501841- 1850 cоmplete
6%

You're not logged in!

Compare scores with friends on all Sporcle quizzes.
OR
Log In

You Might Also Like...

Show Comments

Extras

Top Quizzes Today


Score Distribution

Your Account Isn't Verified!

In order to create a playlist on Sporcle, you need to verify the email address you used during registration. Go to your Sporcle Settings to finish the process.

Report this User

Report this user for behavior that violates our Community Guidelines.

Details: